000 01176cam a2200361 i 4500
001 5015
003 KOSZ 005
005 20201120143931.0
008 060904s1973 pl a f |000 0 pol
015 _aPB 1974/7284
040 _aWA N
_cWA N
_dKOSZ 005/HR
046 _k1973
080 _a697
080 _a658.2
080 _a62
100 1 _aMieszkowski, Jan Czesław
_eAutor
245 1 0 _aZagadnienia i urządzenia wentylacji w przemyśle /
_c[Jan Czesław Mieszkowski].
250 _aWyd. 5 znowel.
260 _aWarszawa :
_bCentralny Ośrodek Badawczo-Projektowy Budownictwa Przemysłowego,
_c1973.
300 _a15, [1] s. :
_bil. ;
_c24 cm.
380 _aKsiążki
388 _a1901-2000
388 _a1945-1989
490 1 _aPPP Poradnik Projektanta Przemysłowego ;
_vtemat 53.
500 _aOpis wg okł.
504 _aBibliogr.
650 4 _aWentylacja
650 4 _aPrzemysł
658 _aInżynieria i technika
830 0 _aPPP Poradnik Projektanta Przemysłowego
_vtemat 53
856 _uhttp://koha.tu.koszalin.pl/cgi-bin/koha/opac-detail.pl?biblionumber=515
_yKatalog online BPK
942 _2UKD
_cKS
999 _c515
_d515